| 000 | 01014nam a2200241 a 4500 | ||
|---|---|---|---|
| 001 | 70935 | ||
| 003 | BD-RjUL | ||
| 005 | 20211209082045.0 | ||
| 008 | 170423s1964 bg ||||| |||| 00| 0 ben d | ||
| 020 | _c: TK.1.00 | ||
| 035 | _a(BD-RjUL)71149 | ||
| 040 |
_aBD-RjUL _bben _cBD-RjUL _dBD-RjUL |
||
| 041 | _aben | ||
| 082 |
_223 _a630.973 _bMCD 1964 |
||
| 100 |
_aম্যাক্মিলেন, হুইলার _9209922 |
||
| 245 |
_aধন ধান্যে পুষ্পে ভরা / _cহুইলার ম্যাক্মিলেন; অনুবাদ, এ. এইচ. এম. এ. লতীফ |
||
| 260 |
_aচট্র্রগ্রাম : _bপিপল্স পাবলিকেশন্স, _c১৯৬৪. |
||
| 300 |
_a১৫৪ পৃ. ; _c১৬ সে.মি. |
||
| 651 |
_aযুক্তরাষ্ট্র _vকৃষি _9209923 |
||
| 651 |
_aUnited States _vAgriculture _9209924 |
||
| 700 |
_aলতীফ, এ. এইচ. এম. এ. _9209925 |
||
| 942 |
_2ddc _cBK |
||
| 999 |
_c70935 _d70935 |
||